| 000 | 00600nam a2200193 a 4500 | ||
|---|---|---|---|
| 001 | 2991 | ||
| 003 | CDMR | ||
| 005 | 20131023123115.0 | ||
| 008 | 130130s1912||||||||||||||||||||||||||||d | ||
| 040 |
_aCDMR _bcat _cCDMR |
||
| 100 | 1 |
_aMaragall, Joan _9196 |
|
| 245 | 1 | 0 |
_aArtÃculos I _b: 1892 a 1895 _cJuan Maragall ; prólogo de Miguel s. Oliver |
| 260 |
_aBarcelona _c1912 _bGustavo Gili |
||
| 300 |
_a286 p ; _c19 cm |
||
| 490 | 0 |
_aObras Completas de Juan Maragall. _aSerie Castellana |
|
| 650 | 0 | 4 |
_aPremsa _zCatalunya _y1892-1895 _9195 |
| 700 | 1 |
_aOliver, Miquel dels Sants _epr. _9189 |
|
| 942 |
_cMON _2udc |
||
| 999 |
_c2991 _d2991 |
||